<?xml version="1.0" encoding="UTF-8"?>
<record
    xmlns:xsi="http://www.w3.org/2001/XMLSchema-instance"
    xsi:schemaLocation="http://www.loc.gov/MARC21/slim http://www.loc.gov/standards/marcxml/schema/MARC21slim.xsd"
    xmlns="http://www.loc.gov/MARC21/slim">

  <leader>00627nam a22002177a 4500</leader>
  <controlfield tag="003">OSt</controlfield>
  <controlfield tag="005">20260608150642.0</controlfield>
  <controlfield tag="008">260608b        |||||||| |||| 00| 0 eng d</controlfield>
  <datafield tag="020" ind1=" " ind2=" ">
    <subfield code="a">9781284050547</subfield>
  </datafield>
  <datafield tag="040" ind1=" " ind2=" ">
    <subfield code="c">Chuka University Library</subfield>
  </datafield>
  <datafield tag="050" ind1=" " ind2=" ">
    <subfield code="a">RA 441 .S5 2016</subfield>
  </datafield>
  <datafield tag="100" ind1=" " ind2=" ">
    <subfield code="a">Skonkil Richard</subfield>
    <subfield code="9">27643</subfield>
  </datafield>
  <datafield tag="245" ind1=" " ind2=" ">
    <subfield code="a">Global Health 101</subfield>
  </datafield>
  <datafield tag="250" ind1=" " ind2=" ">
    <subfield code="a">3rd Ed</subfield>
  </datafield>
  <datafield tag="260" ind1=" " ind2=" ">
    <subfield code="a">Burlington</subfield>
    <subfield code="b">Jones &amp; Bartlett Learning</subfield>
    <subfield code="c">2016</subfield>
  </datafield>
  <datafield tag="300" ind1=" " ind2=" ">
    <subfield code="a">xvii, 576 pp</subfield>
    <subfield code="b">illustrations preface and index</subfield>
  </datafield>
  <datafield tag="650" ind1=" " ind2=" ">
    <subfield code="a">Global health</subfield>
    <subfield code="9">27644</subfield>
  </datafield>
  <datafield tag="650" ind1=" " ind2=" ">
    <subfield code="a">Health Services Accessibility</subfield>
    <subfield code="9">27645</subfield>
  </datafield>
  <datafield tag="650" ind1=" " ind2=" ">
    <subfield code="a">Public health</subfield>
    <subfield code="9">8945</subfield>
  </datafield>
  <datafield tag="942" ind1=" " ind2=" ">
    <subfield code="2">lcc</subfield>
    <subfield code="c">BK</subfield>
    <subfield code="n">0</subfield>
  </datafield>
  <datafield tag="952" ind1=" " ind2=" ">
    <subfield code="0">0</subfield>
    <subfield code="1">0</subfield>
    <subfield code="2">lcc</subfield>
    <subfield code="4">0</subfield>
    <subfield code="7">0</subfield>
    <subfield code="8">LGL</subfield>
    <subfield code="a">CHK</subfield>
    <subfield code="b">CHK</subfield>
    <subfield code="c">GEN</subfield>
    <subfield code="d">2026-06-08</subfield>
    <subfield code="e">Donation from books for Africa</subfield>
    <subfield code="g">3607.39</subfield>
    <subfield code="l">0</subfield>
    <subfield code="o">RA 441 .S5 2016</subfield>
    <subfield code="p">33160/2026</subfield>
    <subfield code="r">2026-06-08 15:08:25</subfield>
    <subfield code="t">C.1</subfield>
    <subfield code="w">2026-06-08</subfield>
    <subfield code="y">BK</subfield>
  </datafield>
  <datafield tag="952" ind1=" " ind2=" ">
    <subfield code="0">0</subfield>
    <subfield code="1">0</subfield>
    <subfield code="2">lcc</subfield>
    <subfield code="4">0</subfield>
    <subfield code="7">0</subfield>
    <subfield code="8">LGL</subfield>
    <subfield code="a">CHK</subfield>
    <subfield code="b">CHK</subfield>
    <subfield code="c">GEN</subfield>
    <subfield code="d">2026-06-08</subfield>
    <subfield code="e">Donation from books for Africa</subfield>
    <subfield code="g">3607.39</subfield>
    <subfield code="l">0</subfield>
    <subfield code="o">RA 441 .S5 2016</subfield>
    <subfield code="p">33159/2026</subfield>
    <subfield code="r">2026-06-08 15:08:25</subfield>
    <subfield code="t">C.3</subfield>
    <subfield code="w">2026-06-08</subfield>
    <subfield code="y">BK</subfield>
  </datafield>
  <datafield tag="952" ind1=" " ind2=" ">
    <subfield code="0">0</subfield>
    <subfield code="1">0</subfield>
    <subfield code="2">lcc</subfield>
    <subfield code="4">0</subfield>
    <subfield code="7">0</subfield>
    <subfield code="8">LGL</subfield>
    <subfield code="a">CHK</subfield>
    <subfield code="b">CHK</subfield>
    <subfield code="c">GEN</subfield>
    <subfield code="d">2026-06-08</subfield>
    <subfield code="e">Donation from books for Africa</subfield>
    <subfield code="g">3607.39</subfield>
    <subfield code="l">0</subfield>
    <subfield code="o">RA 441 .S5 2016</subfield>
    <subfield code="p">33157/2026</subfield>
    <subfield code="r">2026-06-08 15:08:25</subfield>
    <subfield code="t">C.4</subfield>
    <subfield code="w">2026-06-08</subfield>
    <subfield code="y">BK</subfield>
  </datafield>
  <datafield tag="952" ind1=" " ind2=" ">
    <subfield code="0">0</subfield>
    <subfield code="1">0</subfield>
    <subfield code="2">lcc</subfield>
    <subfield code="4">0</subfield>
    <subfield code="7">0</subfield>
    <subfield code="8">LGL</subfield>
    <subfield code="a">CHK</subfield>
    <subfield code="b">CHK</subfield>
    <subfield code="c">GEN</subfield>
    <subfield code="d">2026-06-08</subfield>
    <subfield code="e">Donation from books for Africa</subfield>
    <subfield code="g">3607.39</subfield>
    <subfield code="l">0</subfield>
    <subfield code="o">RA 441 .S5 2016</subfield>
    <subfield code="p">33161/2026</subfield>
    <subfield code="r">2026-06-08 15:08:25</subfield>
    <subfield code="t">C.2</subfield>
    <subfield code="w">2026-06-08</subfield>
    <subfield code="y">BK</subfield>
  </datafield>
  <datafield tag="952" ind1=" " ind2=" ">
    <subfield code="0">0</subfield>
    <subfield code="1">0</subfield>
    <subfield code="2">lcc</subfield>
    <subfield code="4">0</subfield>
    <subfield code="7">0</subfield>
    <subfield code="8">LGL</subfield>
    <subfield code="a">CHK</subfield>
    <subfield code="b">CHK</subfield>
    <subfield code="c">GEN</subfield>
    <subfield code="d">2026-06-08</subfield>
    <subfield code="e">Donation from books for Africa</subfield>
    <subfield code="g">3607.39</subfield>
    <subfield code="l">0</subfield>
    <subfield code="o">RA 441 .S5 2016</subfield>
    <subfield code="p">33158/2026</subfield>
    <subfield code="r">2026-06-08 15:08:25</subfield>
    <subfield code="t">C.5</subfield>
    <subfield code="w">2026-06-08</subfield>
    <subfield code="y">BK</subfield>
  </datafield>
  <datafield tag="999" ind1=" " ind2=" ">
    <subfield code="c">23526</subfield>
    <subfield code="d">23526</subfield>
  </datafield>
</record>
